第75回NHK紅白歌合戦 出場歌手 - Statistics

General Stats
  • This quiz has been taken 20 times
  • The average score is 27 of 42
Answer Stats
ヒント 答え % Correct
はいよろこんで こっちのけんと
100%
晩餐歌 tuki.
100%
2億4千万の瞳 放送100年 GO!GO!SP 郷ひろみ
93%
366日 HY
93%
Magnetic ILLIT
93%
青と夏〜ライラック 紅白SP Mrs.GREEN APPLE
93%
幾億光年 Omoinotake
93%
「TT〜Feel Special」スーパーメドレー TWICE
93%
能登半島 石川さゆり
87%
Bling-Bang-Bang-Born Creepy Nuts
87%
I wonder Da-iCE
87%
Click ME:I
87%
踊り子 Vaundy
87%
なごり雪 イルカ
80%
Love seeker JO1
80%
あんたの花道 天童よしみ
73%
満ちてゆく 藤井風
73%
GOAT Number_i
73%
Beautiful Superfly
73%
能登はいらんかいね 坂本冬美
67%
恋…情念〜第8回 けん玉世界記録への道〜 三山ひろし
67%
きっかけ 乃木坂46
60%
相思相愛 aiko
60%
Masterplan BE:FIRST
60%
CRAZY -Japanese ver.- LE SSERAFIM
60%
僕らはいきものだから 緑黄色社会
53%
鳥取砂丘〜紅白ドミノチャレンジSP〜 水森かおり
53%
「ひとみ〜少年」"あなたへの歌"SPメドレー 福山雅治
53%
紅白スペシャル2024 MISIA
53%
全てあげよう 新浜レオン
47%
紅の蝶 山内惠介
47%
自業自得 櫻坂46
47%
星空のディスタンス THE ALFEE
47%
ばらばら 星野源
40%
神田川 南こうせつ
40%
5時53分の空で見つけた君と僕 [Japanese Ver.] TOMORROW X TOGETHER
40%
夢みた果実 純烈
33%
誘惑 GLAY
33%
会いに行くのに あいみょん
27%
EYES ON YOU 紅白スペシャルメドレー 西野カナ
27%
for you.. 髙橋真梨子
20%
ほぼ水の泡 椎名林檎ともも
13%
No matching quizzes found
Score Distribution
Percent of People with Each Score
Percentile by Number Answered
Your Score History
You have not taken this quiz